Biblioteca

Christian social responsibility today (Registro nro. 68139)

Detalles MARC
000 -LÍDER
Campo fijo de descripción fija 01323nab a2200217 i 4500
001 - NÚMERO DE CONTROL
Campo de control 768714001
003 - IDENTIFICADOR DEL NÚMERO DE CONTROL
Campo de control CO-MdFUSB
005 - FECHA Y HORA DE LA ULTIMA TRANSACCIÓN
control field 20230607120118.0
008 - ELEMENTOS DE LONGITUD FIJA -- INFORMACIÓN GENERAL
Campo fijo de descripción fija -- Información general 220912s2006 ag ||||| |||| 00| 0 eng d
040 ## - FUENTE DE CATALOGACIÓN
Idioma de catalogación spa
Agencia que realiza la transcripción CO-MdFUSB
Agencia que realiza la modificación CO-MdFUSB
Agencia Catalogadora CO-MdFUSB
041 ## - CÓDIGO DE IDIOMA
Código de idioma para texto/pista de sonido o título separado eng
100 ## - ASIENTO PRINCIPAL--NOMBRE PERSONAL
Nombre personal Steuernagel, Valdir Raul, ‎
Término relacionador autor
245 1# - TÍTULO
Título Christian social responsibility today
Subtitulo : reflections on the Lausanne Covenant
Mención de responsabilidad / Valdir Raúl Steuernagel
300 ## - DESCRIPCIÓN FÍSICA
Extensión Volumen 1, número 1 (2006), páginas 26 - 41
Dimensiones ; 20 cm
520 ## - NOTA DE RESUMEN, ETC.
Nota de sumario, etc. El teólogo brasilero Valdir Steuernagel pronunció un poderoso discurso en el Congreso de Lausana para la Evangelización Mundial, que tuvo lugar en Pattaya, Tailandia, a finales del 2004. Copiamos aquí su presentación, que nos invita a escuchar al profeta Miqueas y nos desafía a vivir justamente en un mundo injusto, amar fervientemente en un mundo inmisericorde, y caminar humildemente en un mundo (y una iglesia) marcados por la arrogancia y el exclusivismo.
546 ## - NOTA DE IDIOMA
Nota de idioma Texto en Inglés
630 07 - PUNTO DE ACCESO ADICIONAL DE MATERIA - TÍTULO UNIFORME
Título uniforme Biblia.
Parte o sección de la obra Miqueas
Subdivisión de materia general Crítica, interpretación, etc.
650 #0 - ASIENTO SECUNDARIO DE MATERIA - TERMINO TEMÁTICO
9 (RLIN) 362
Término temático o nombre geográfico como elemento de entrada Evangelización
773 0# - ASIENTO DE ITEM FUENTE
Biblionumber 49416
Itemnumber 81263
Lugar, editorial y fecha de publicación Santiago de Chile
Otro identificador del ítem R1699
Título Journal of Latin American Theology :
Número de control del registro (CO-MdFUSB)118
Número Internacional Normalizado para Publicaciones Seriadas (ISSN) 1669-8949
Parte(s) relacionada(s) / Volumen., número. (mes año), páginas Volumen 1, número 1 (2006), páginas 26 - 41
Enumeración y primera página página 26
942 ## - TIPO DE MATERIAL (KOHA)
Tipo de Item KOHA Artículos de Revista

No hay ítems disponibles.

Biblioteca FUSBC | Teléfono: (57+4) 349 88 10 Ext. 141| WhatsApp (+57) 3005338115 
E-mail: biblioteca@unisbc.edu.co | Calle 76 87-14 Robledo Palenque, Medellín, Colombia

Con tecnología Koha